000 00804nam a2200193Ia 4500
008 090123s9999 xx 000 0 und d
082 _b33541
100 _aफिलिस बर्नबॉम
245 _aटोकियोच्या नभांगणातील चमकत्या तारका
250 _a1
260 _bमेहता प्रकाशन
_c2002
300 _a229
600 _aफिलिस बर्नबॉम
630 _aटोकियोच्या नभांगणातील चमकत्या तारका
700 _aनरवणे सुधा
700 _aफिलिस बर्नबॉम
730 _aटोकियोच्या नभांगणातील चमकत्या तारका
942 _cBOOK
999 _c71600
_d71600